00679 2200181 4500245004600000020002200046250001200068100001500080700001500095650002000110005001900130260004400149041001400193084000800207300003100215500024200246336000900488 aAssalamualaikum BeijingcAsma NadiahText a978-602-9055-25-2 aCet. 18 aAsma Nadia adr. Lukman aNovel Indonesia a20231003093151 aDepokbAsmaNadia Publishing Housec2016 aIndonesia a813 aviii, 342 halaman :c21 cm aDewa dan Ra adalah busur dan anak panah. Keduanya memiliki bidokan yang sama, sebuah titik bernama istana cinta. Namun, arah angin mengubah Dewa. Sebagai busur, dia memilih sasarannya sendiri dan membiarkan anak panah melesat tanpa daya. atext